000 00388pab a2200133 454500
008 180718b2000 xxu||||| |||| 00| 0 eng d
100 _aAhmed, Nasim
245 _aMajor management practices in Japan and Bangladesh: a brief analytic comparison
260 _c2000
300 _ap.99-118.
650 _aManagement
773 _aBangladesh Journal of Public Administration
909 _a52952
999 _c52952
_d52952